000 00361nam a22001097a 4500
082 _a388.11 EXP
_bOECD
_cD
245 _aExpert Meeting and Symposium on the Appraisal of the Social and Econmic Effects of Road Nework Improvements
260 _aJapan
_bOECD
300 _a379 P.
_bill. ;
_c20 cm
526 _a0
_b0
_c0
_d388_110000000000000_EXP_OECD
942 _2ddc
_cBK
999 _c543184
_d543184